MARC

Tag First Indicator Second Indicator Subfields
LEADER 00000cam a2200000 a 4500
001 in00001402213
005 20170307102323.0
008 971230s1997 gau b 000 0 eng d
010 |z  97009249 //r97 
020 |z 0788503588 (cloth : alk. paper) 
020 |a 0788503839 (v. 1 : cloth : alk. paper) 
020 |a 0788503847 (v. 2 : cloth : alk. paper) 
020 |a 0788503855 (v. 3 : cloth : alk. paper) 
035 |a (OCoLC)38141772 
035 |9 AHN0396AM 
040 |a PLT  |c PLT  |d TXA  |d UtOrBLW 
049 |a TXAM 
090 |a BM514  |b .N464 1997 v.8 
100 1 |a Neusner, Jacob,  |d 1932-2016. 
245 1 0 |a Mekhilta attributed to Rabbi Ishmael /  |c by Jacob Neusner. 
264 1 |a Atlanta, Ga. :  |b Scholars Press,  |c [1997] 
264 4 |c ©1997 
300 |a 3 volumes ;  |c 24 cm. 
336 |a text  |b txt  |2 rdacontent 
337 |a unmediated  |b n  |2 rdamedia 
338 |a volume  |b nc  |2 rdacarrier 
490 1 |a South Florida academic commentary series ;  |v no.88-90 
490 1 |a The components of the rabbinic documents / by Jacob Neusner ;  |v 8 
505 0 |a Pt. 1. Introduction, Pisha, Beshallah and Shirata -- Pt. 2. Vayassa, Amalek, Bahodesh, Neziqin, Kaspa and Shabbata -- Pt. 3. A topical and methodical outline. 
504 |a Includes bibliographical references. 
630 0 0 |a Mekhilta of Rabbi Ishmael  |x Criticism, interpretation, etc. 
650 0 |a Halakhic Midrashim  |x History and criticism. 
630 0 0 |a Midrash rabbah  |x Criticism, interpretation, etc. 
800 1 |a Neusner, Jacob,  |d 1932-2016.  |t Components of the rabbinic documents ;  |v v. 8. 
830 0 |a South Florida academic commentary series ;  |v no.88-90. 
948 |a c:ktn 
999 |a MARS 
999 f f |s c407cca8-3d3f-3061-bb10-632544c074b7  |i ea84e35b-4383-3570-85bc-b10d60fff6ab  |t 0 
952 f f |p ric  |a Texas A&M University  |b Rellis Campus  |c Joint Library Facility  |d Remote Storage  |t 0  |e BM514 .N464 1997 v.8  |h Library of Congress classification  |i unmediated -- volume  |k pt.1  |m A14822435105 
998 f f |a BM514 .N464 1997 v.8  |s pt.1  |t 0  |l Remote Storage